• 首页
  • 本馆介绍
  • 公告通知
  • 最新文献
  • 馆藏检索
  • 电子资源
  • 读者导购
  • 参考咨询
  • 我的图书馆
  • 登录
  • 详细信息显示
  • 放入我的书架
  • 预约/预借图书
  • 作者相关作品
  • 分类相关作品
  • 丛书相关作品
  • 出版社相关作品

书目信息

  • 表格格式
  • 工作单格式
  • 卡片格式
书名: Human communication
作者: Michael Burgoon, Frank G. Hunsaker, Edwin J. Dawson.
分册号:
分册名:
出版地: Thousand Oaks :
 
出版社: Sage Publications
出版时间: c1994.
页数: xv, 376 p. :
开本: 24 cm.
丛书名:
中图分类号:
科图分类号:
其他分类号: C912
主题词:
电子资源: http://www.loc.gov/catdir/enhancements/fy0655/93029323-d.html      http://www.loc.gov/catdir/enhancements/fy0655/93029323-t.html     
000 01311pam a2200337 a 450
001 E0729607402
005 20070429081445.09
008 930908s1994 caua b 001 0 eng
010    @a93029323
020    @a0803950772 (pbk.).
020    @a0803950764 (cl.).
035    @A(DLC) 93029323
040    @aDLC@cDLC@dDLC
050 00 @aP90@b.B85 1994
082 00 @a302.2@2 20
090    @aC912
099    @dC912@ex77=3
100 1  @aBurgoon, Michael.
245 10 @aHuman communication / @cMichael Burgoon, Frank G. Hunsaker, Edwin J. Dawson.
250    @a3rd ed.
260    @aThousand Oaks :@bSage Publications,@cc1994.
300    @axv, 376 p. :@bill. ;@c24 cm.
504    @aIncludes bibliographical references and index.
650  0 @aCommunication.
700 1  @aHunsaker, Frank G.
700 1  @aDawson, Edwin J.
856 42 @3 Publisher description@uhttp://www.loc.gov/catdir/enhancements/fy0655/93029323-d.html
856 41 @3 Table of contents only@uhttp://www.loc.gov/catdir/enhancements/fy0655/93029323-t.html
906    @a7@bcbc@corignew@d1@eocip@f19@gy-gencatlg
955    @apc19 to la00 09-09-93; lg07 to lg06 10-04-93; lg06 to le03 10-05-93; le03 10-05-93; le02 to ddc 10-05-93; aa21 10-06-93; CIP ver. pv08 12-02-94
991    @bc-GenColl@hP90@i.B85 1994@p00029966308@tCopy 1@wBOOKS
    
    Human communication / / Michael Burgoon, Frank G. Hunsaker, Edwin J. Dawson.-3rd ed.-Thousand Oaks : : Sage Publications, , c1994.
    xv, 376 p. : : ill. ; ; 24 cm.
    Includes bibliographical references and index.
    
    ISBN 0803950772 (pbk.).
    
●
相关链接 在E读中查询图书 在五车中查询图书 在当当中查询图书 在豆瓣中查询图书


正题名:Human communication     索取号:C912/x77=3         预约/预借

序号 登录号 条形码 馆藏地/架位号 状态 备注
1 6303   300063035   第二样本阅览室/ [索取号:C912/x77=3] 在馆    
2 6304   300063044   第四借阅区/ [索取号:C912/x77=3] 在馆    
3 6305   300063053   第四借阅区/ [索取号:C912/x77=3] 在馆    
4 6306   300063062   第四借阅区/ [索取号:C912/x77=3] 在馆    
唐山师范学院图书馆 欢迎您!
大连网信软件有限公司© 版权所有